<?xml version="1.0" encoding="UTF-8"?>
<collection xmlns="http://www.loc.gov/MARC21/slim">
<record>
  <controlfield tag="001">151212</controlfield>
  <controlfield tag="005">20251017144634.0</controlfield>
  <datafield tag="024" ind1="7" ind2=" ">
    <subfield code="2">doi</subfield>
    <subfield code="a">10.1016/j.jenvman.2025.124262</subfield>
  </datafield>
  <datafield tag="024" ind1="8" ind2=" ">
    <subfield code="2">sideral</subfield>
    <subfield code="a">143005</subfield>
  </datafield>
  <datafield tag="037" ind1=" " ind2=" ">
    <subfield code="a">ART-2025-143005</subfield>
  </datafield>
  <datafield tag="041" ind1=" " ind2=" ">
    <subfield code="a">eng</subfield>
  </datafield>
  <datafield tag="100" ind1=" " ind2=" ">
    <subfield code="a">Leal-Duaso, Alejandro</subfield>
    <subfield code="0">(orcid)0000-0002-3256-2089</subfield>
  </datafield>
  <datafield tag="245" ind1=" " ind2=" ">
    <subfield code="a">Physical-chemical transformations for the remediation and valorization of hexachlorocyclohexanes (HCHs) including lindane: A review</subfield>
  </datafield>
  <datafield tag="260" ind1=" " ind2=" ">
    <subfield code="c">2025</subfield>
  </datafield>
  <datafield tag="506" ind1="0" ind2=" ">
    <subfield code="a">Access copy available to the general public</subfield>
    <subfield code="f">Unrestricted</subfield>
  </datafield>
  <datafield tag="520" ind1="3" ind2=" ">
    <subfield code="a">The production of the former insecticide lindane (γ-HCH) resulted in the generation of vast quantities of hexachlorocyclohexanes (HCH) residues, creating one of the most significant environmental challenges related to persistent organic pollutants in the world. This contamination is present today in different scenarios, including stockpiles and highly concentrated mixed waste, contaminated surface soils, subsoil, and waters. In particular, Dense Non-Aqueous Phase Liquids (DNAPLs) represent challenging subsurface and groundwater contamination. This review provides a comprehensive and critical overview of the physical-chemical methodologies and remediation projects reported in the literature for addressing lindane contamination through separation, transformation, disposal, and valorization approaches. The available physicochemical techniques include dehydrochlorination, oxidation, reduction, substitution, isomerization, as well as electrochemical, photochemical, sonochemical, plasma, and other high energy treatments. Key aspects, such as advantages and limitations, remediation effectiveness, technological maturity, scalability, estimated costs, and applicability to different contamination scenarios are thoroughly analyzed for each method. The review culminates in a detailed comparison of these methodologies for various contamination contexts, providing valuable insights for the identification of optimal solutions to this global environmental challenge. In addition, the review assesses, for the first time, the potential for valorization of the products formed during HCH treatment or remediation. This aspect highlights the opportunity to transform HCH residues into higher value-added chemicals, thereby enhancing the circular economy of the remediation process. Finally, the integration of physicochemical methods with separation and biological tools offers a holistic perspective that underscores the importance of comprehensive strategies for addressing HCH contamination effectively and sustainably.</subfield>
  </datafield>
  <datafield tag="536" ind1=" " ind2=" ">
    <subfield code="9">info:eu-repo/grantAgreement/ES/DGA/E37-23R</subfield>
    <subfield code="9">info:eu-repo/grantAgreement/ES/MINECO/PID2021-125762NB-I00</subfield>
  </datafield>
  <datafield tag="540" ind1=" " ind2=" ">
    <subfield code="9">info:eu-repo/semantics/openAccess</subfield>
    <subfield code="a">by-nc-nd</subfield>
    <subfield code="u">https://creativecommons.org/licenses/by-nc-nd/4.0/deed.es</subfield>
  </datafield>
  <datafield tag="655" ind1=" " ind2="4">
    <subfield code="a">info:eu-repo/semantics/article</subfield>
    <subfield code="v">info:eu-repo/semantics/publishedVersion</subfield>
  </datafield>
  <datafield tag="700" ind1=" " ind2=" ">
    <subfield code="a">Salvatella, Luis</subfield>
    <subfield code="u">Universidad de Zaragoza</subfield>
    <subfield code="0">(orcid)0000-0003-2010-9540</subfield>
  </datafield>
  <datafield tag="700" ind1=" " ind2=" ">
    <subfield code="a">Fraile, José M.</subfield>
    <subfield code="0">(orcid)0000-0002-0136-5138</subfield>
  </datafield>
  <datafield tag="710" ind1="2" ind2=" ">
    <subfield code="1">2013</subfield>
    <subfield code="2">765</subfield>
    <subfield code="a">Universidad de Zaragoza</subfield>
    <subfield code="b">Dpto. Química Orgánica</subfield>
    <subfield code="c">Área Química Orgánica</subfield>
  </datafield>
  <datafield tag="773" ind1=" " ind2=" ">
    <subfield code="g">375 (2025), 124262</subfield>
    <subfield code="p">J. environ. manag.</subfield>
    <subfield code="t">Journal of environmental management</subfield>
    <subfield code="x">0301-4797</subfield>
  </datafield>
  <datafield tag="856" ind1="4" ind2=" ">
    <subfield code="s">8813218</subfield>
    <subfield code="u">http://zaguan.unizar.es/record/151212/files/texto_completo.pdf</subfield>
    <subfield code="y">Versión publicada</subfield>
  </datafield>
  <datafield tag="856" ind1="4" ind2=" ">
    <subfield code="s">2502382</subfield>
    <subfield code="u">http://zaguan.unizar.es/record/151212/files/texto_completo.jpg?subformat=icon</subfield>
    <subfield code="x">icon</subfield>
    <subfield code="y">Versión publicada</subfield>
  </datafield>
  <datafield tag="909" ind1="C" ind2="O">
    <subfield code="o">oai:zaguan.unizar.es:151212</subfield>
    <subfield code="p">articulos</subfield>
    <subfield code="p">driver</subfield>
  </datafield>
  <datafield tag="951" ind1=" " ind2=" ">
    <subfield code="a">2025-10-17-14:27:54</subfield>
  </datafield>
  <datafield tag="980" ind1=" " ind2=" ">
    <subfield code="a">ARTICLE</subfield>
  </datafield>
</record>
</collection>